Fundamentals of electrical engineering (Record no. 129645)

MARC details
000 -LEADER
fixed length control field 00381nam a2200145Ia 4500
008 - FIXED-LENGTH DATA ELEMENTS--GENERAL INFORMATION
fixed length control field 230917s9999||||xx |||||||||||||| ||und||
040 ## - CATALOGING SOURCE
-- 109398
Original cataloging agency VIVEKANANDA LIBRARY
041 ## - Language
-- English
082 ## - DDC NUMBER
Classification number 621.3 R137F
100 ## - MAIN ENTRY--PERSONAL NAME
Personal name Rajendra Prasad
245 #0 - TITLE STATEMENT
Title Fundamentals of electrical engineering
260 ## - PUBLICATION, DISTRIBUTION, ETC. (IMPRINT)
Place of publication, distribution, etc New Delhi
Name of publisher, distributor, etc Prentice-Hall of India
Date of publication, distribution, etc 2005
300 ## - PHYSICAL DESCRIPTION
Pages xii, 827 p.
942 ## - ADDED ENTRY ELEMENTS (KOHA)
Koha item type Books
Holdings
Withdrawn status Lost status Damaged status Not for loan Location (home branch) Sublocation or collection (holding branch) Date acquired Koha issues (times borrowed) Koha full call number Accession No. Koha date last seen Koha item type Shelving location
        VIVEKANANDA LIBRARY VIVEKANANDA LIBRARY 22/12/2005 1 621.3 R137F 226984 12/01/2026 Books  
        VIVEKANANDA LIBRARY VIVEKANANDA LIBRARY 22/12/2005 3 621.3 R137F 226985 17/04/2025 Books  
        VIVEKANANDA LIBRARY VIVEKANANDA LIBRARY 22/12/2005 2 621.3 R137F 226986 28/04/2025 Books UIET Library
        VIVEKANANDA LIBRARY VIVEKANANDA LIBRARY 22/12/2005 1 621.3 R137F 226987 11/01/2024 Books UIET Library
        VIVEKANANDA LIBRARY VIVEKANANDA LIBRARY 22/12/2005   621.3 R137F 226988 17/09/2023 Books UIET Library
        VIVEKANANDA LIBRARY VIVEKANANDA LIBRARY 22/12/2005   621.3 R137F 226989 17/09/2023 Books UIET Library
        VIVEKANANDA LIBRARY VIVEKANANDA LIBRARY 22/12/2005   621.3 R137F 226990 17/09/2023 Books UIET Library
        VIVEKANANDA LIBRARY VIVEKANANDA LIBRARY 22/12/2005   621.3 R137F 226991 17/09/2023 Books UIET Library
        VIVEKANANDA LIBRARY VIVEKANANDA LIBRARY 22/12/2005 2 621.3 R137F 226992 28/01/2025 Books UIET Library
        VIVEKANANDA LIBRARY VIVEKANANDA LIBRARY 22/12/2005 3 621.3 R137F 226993 21/01/2025 Books UIET Library
        VIVEKANANDA LIBRARY VIVEKANANDA LIBRARY 22/12/2005   621.3 R137F 226994 17/09/2023 Books UIET Library
        VIVEKANANDA LIBRARY VIVEKANANDA LIBRARY 22/12/2005   621.3 R137F 226995 17/09/2023 Books UIET Library
        VIVEKANANDA LIBRARY VIVEKANANDA LIBRARY 22/12/2005 1 621.3 R137F 226996 18/10/2024 Books UIET Library
        VIVEKANANDA LIBRARY VIVEKANANDA LIBRARY 22/12/2005 1 621.3 R137F 226997 13/06/2024 Books UIET Library
© Designed and Maintained by Vivekananda Library, MDU Rohtak